The gift of forgiveness / (Record no. 77697)

MARC details
000 -LEADER
fixed length control field 00569nam a22001937a 4500
005 - DATE AND TIME OF LATEST TRANSACTION
control field 20130917145312.0
010 ## - LCCN (DPL NO)
LC control number ENG-108084
020 ## - INTERNATIONAL STANDARD BOOK NUMBER
Terms of availability 695.00
International Standard Book Number 9789381130131
035 ## - SYSTEM CONTROL NUMBER
System control number EN-91617
037 ## - SOURCE OF ACQUISITION
Source of stock number/acquisition DBAD/PUB
082 ## - DEWEY DECIMAL CLASSIFICATION NUMBER
Classification number S
100 ## - MAIN ENTRY--PERSONAL NAME
Personal name Enoch, Kolakaluri
245 ## - TITLE STATEMENT
Title The gift of forgiveness /
Statement of responsibility, etc by Kalokaluri Enoch ; edited by Kolakaluri Sumakiran
260 ## - PUBLICATION, DISTRIBUTION, ETC. (IMPRINT)
Place of publication, distribution, etc Delhi
Name of publisher, distributor, etc Yash Publications
Date of publication, distribution, etc 2013
270 ## - ADDRESS
Address 1/10753, Subhash Park, Naveen Shahdara
City Delhi
Postal code 110032
300 ## - PHYSICAL DESCRIPTION
Extent 194p.
Dimensions 22cm(Hb)
700 ## - ADDED ENTRY--PERSONAL NAME
Personal name Sumakiran,Kolakaluri
942 ## - ADDED ENTRY ELEMENTS (KOHA)
Source of classification or shelving scheme Dewey Decimal Classification
Item type English Books
Call number suffix ENO
Classification part S
Holdings
Withdrawn status Lost status Not for loan Collection code Home library Current library Date acquired Source of acquisition Cost, normal purchase price Full call number Barcode Copy number Cost, replacement price Koha item type
    Not For Loan Fiction D.B.Act.Division Bawana 18/07/2013 DBAD/PUB 695.00 S ENO EN-91617 1 695.00 English Books

© Delhi Public Library
Hit Counter
free hit counter